<?xml version='1.0' encoding='UTF-8'?>
  <record xmlns="http://www.loc.gov/MARC21/slim">
    <leader>00000cam a22000007i 4500</leader>
    <controlfield tag="001">ocm66122510</controlfield>
    <controlfield tag="003">OCoLC</controlfield>
    <controlfield tag="005">20250606130038.4</controlfield>
    <controlfield tag="008">930104s1874    ne            000 0 dut d</controlfield>
    <datafield tag="040" ind1=" " ind2=" ">
      <subfield code="a">NLGGC</subfield>
      <subfield code="b">dut</subfield>
      <subfield code="e">fobidrtb</subfield>
      <subfield code="c">NLGGC</subfield>
      <subfield code="d">OCLCO</subfield>
      <subfield code="d">OCLCQ</subfield>
      <subfield code="d">OCLCL</subfield>
      <subfield code="d">OCLCQ</subfield>
      <subfield code="d">OCLCL</subfield>
    </datafield>
    <datafield tag="029" ind1="0" ind2=" ">
      <subfield code="a">NLGGC</subfield>
      <subfield code="b">101292589</subfield>
    </datafield>
    <datafield tag="035" ind1=" " ind2=" ">
      <subfield code="a">(OCoLC)66122510</subfield>
    </datafield>
    <datafield tag="082" ind1="0" ind2="4">
      <subfield code="a">807.9</subfield>
      <subfield code="q">OCoLC</subfield>
      <subfield code="1">https://id.oclc.org/worldcat/ddc/E3VKwGPjqHRpTkbcrJkgXWvkTq</subfield>
    </datafield>
    <datafield tag="100" ind1="1" ind2=" ">
      <subfield code="a">Geerling, L.F.</subfield>
    </datafield>
    <datafield tag="245" ind1="1" ind2="3">
      <subfield code="a">De Nederlandsche briefsteller :</subfield>
      <subfield code="b">inhoudende: brieven en andere opstellen over de meeste onderwerpen, die in het maatschappelijk leven gemeenlijk voorkomen, met vooropgaande bepalingen over de geschikste wijze van samenstelling en inrichting der brieven; betitelingen en opschriften, benevens allerlei koopmansbrieven; alsmede: voorschriften bij geboorte, huwelijk en overlijden; iets over testamenten, contracten van onderscheidenen aard; minderjaringheid en voogdij, borgtocht, volmachten, geldleeningen en hypotheken, wissels, quitantiën; iets betrekkelijk de nationale militie, en formulieren tot het inrichten van schrijfboeken en rekeningen, modellen voor telegrammen, advertentiën, aanplak- en strooibiljetten : benevens eene lijst der meest voorkomende verkortingen, namen der maten en gewichten met verkorte schrijfwijze en eene tabellarische herleiding van de Nederlandsche munt in onderscheidene vreemde munten /</subfield>
      <subfield code="c">door L.F. Geerling.</subfield>
    </datafield>
    <datafield tag="250" ind1=" " ind2=" ">
      <subfield code="a">8e veel verm. dr.</subfield>
    </datafield>
    <datafield tag="260" ind1=" " ind2=" ">
      <subfield code="a">Gouda :</subfield>
      <subfield code="b">Van Goor,</subfield>
      <subfield code="c">[1874]</subfield>
    </datafield>
    <datafield tag="300" ind1=" " ind2=" ">
      <subfield code="a">488 p. ;</subfield>
      <subfield code="c">20 cm.</subfield>
    </datafield>
    <datafield tag="336" ind1=" " ind2=" ">
      <subfield code="a">tekst</subfield>
      <subfield code="b">txt</subfield>
      <subfield code="2">rdacontent/dut</subfield>
    </datafield>
    <datafield tag="337" ind1=" " ind2=" ">
      <subfield code="a">zonder medium</subfield>
      <subfield code="b">n</subfield>
      <subfield code="2">rdamedia/dut</subfield>
    </datafield>
    <datafield tag="338" ind1=" " ind2=" ">
      <subfield code="a">band</subfield>
      <subfield code="b">nc</subfield>
      <subfield code="2">rdacarrier/dut</subfield>
    </datafield>
    <datafield tag="530" ind1=" " ind2=" ">
      <subfield code="a">Ook beschikbaar in microvorm.</subfield>
    </datafield>
    <datafield tag="758" ind1=" " ind2=" ">
      <subfield code="a">De Nederlandsche briefsteller (Text)</subfield>
      <subfield code="1">https://id.oclc.org/worldcat/entity/E39PCFXT3QmpfHdF68KrF3c6w3</subfield>
      <subfield code="4">https://id.oclc.org/worldcat/ontology/hasWork</subfield>
    </datafield>
    <datafield tag="936" ind1=" " ind2=" ">
      <subfield code="a">BATCHLOAD</subfield>
    </datafield>
  </record>